Movies Quiz

Random Movies or Actress Quiz

5-Star Oscar Nominated Actors II Quiz Stats

 Plays Quiz Updated Oct 6, 2018

Challenge
Share
Tweet
Embed
Score 0/50 Timer 07:00
11 Plays Today
% Correct
Taxi Driver
94.2%
Raging Bull
93.7%
Malcolm X
90.9%
Training Day
89.6%
Titanic
88.5%
Lincoln
87.9%
Cape Fear
86.5%
Gangs of New York
86.1%
American Hustle
85.8%
Thelma and Louise
85.6%
There Will Be Blood
82.9%
My Left Foot
82.5%
Elizabeth
79%
The Hurricane
78.8%
Glory
78.5%
True Grit
77.4%
Alfie
76.7%
Some Like it Hot
76.6%
Eternal Sunshine of the Spotless Mind
76%
The Cider House Rules
75.7%
Crazy Heart
75.3%
The Reader
74.8%
Dead Man Walking
74.5%
Blue Jasmine
73%
The Apartment
71.7%
% Correct
In the Name of the Father
70.6%
The Aviator
70%
Awakenings
65.2%
Sense and Sensibility
64.1%
Carol
64%
Silver Linings Playbook
62.1%
The Fighter
61.9%
Educating Rita
61.2%
Hannah and Her Sisters
58.8%
Starman
58.5%
Doubt
57.7%
The Client
57.6%
Lorenzo's Oil
57%
The Last Picture Show
54%
Cry Freedom
52.4%
Mister Roberts
52.1%
Thunderbolt and Lightfoot
51.1%
Junebug
48.3%
The Quiet American
47.4%
Save the Tiger
46.7%
The Master
46.5%
Little Children
44.3%
Notes on a Scandal
44.1%
Atlantic City
37.3%
Missing
30.9%

You're not logged in!

Compare scores with friends on all Sporcle quizzes.
OR
Log In

You Might Also Like...

Show Comments

Extras

Top Quizzes Today


Score Distribution

Your Account Isn't Verified!

In order to create a playlist on Sporcle, you need to verify the email address you used during registration. Go to your Sporcle Settings to finish the process.

Report this User

Report this user for behavior that violates our Community Guidelines.

Details: